000 00325nam a2200133Ia 4500
008 190216s9999||||xx |||||||||||||| ||und||
100 _aArthur W Adamson
245 0 _aPhysical Chemistry Of Surfaces
250 _a4th Ed.
260 _bJohn Wiley & Sons
_c1982
300 _a664
650 _aChemistry-Chemistry
942 _cBK
999 _c2476
_d2476